000
00299nam a2200121Ia 4500
008
190216s9999||||xx |||||||||||||| ||und||
100
_a
Taras Shevchenko
245
0
_a
Selected Works
260
_b
"Progress Publishers, Moscow"
_c
1967
300
_a
468p
650
_a
English Literature
942
_c
BK
999
_c
12026
_d
12026